00673nam a2200181Ia 4500952015500000999001700155003000400172005001700176008004100193020001800234040000900252082002200261100002500283245009300308260003100401300000900432942005000441 00102ddc40708SOCIAL SCIENCEaMESbMEScSOCIAL SCIENCEd2019-02-20g495.00l0o305.420954 PAW/Wp39367r2019-02-20 00:00:00w2019-02-20yBKzGL41R1 c14917d14917OSt20201020110443.0190216s9999||||xx |||||||||||||| ||und|| a9789383074747 coclc a305.420954bPAW/W aPawar, Urmila 92958 0aWe Also Made History, Women In The Ambedkarite Movement /cUrmila Pawar ; Meenakshi Moon bZubaan,c2014.aNew Delhi: a362p cBK2ddch305.420954iPAW/Wk305.420954mPAW/W